000 00627cam a22001457a 4500
008 180718b1979 xxu||||| |||| 00| 0 eng d
082 _aZ2318x54 In2/1973
100 _aIndia. Committee on Classification of Paddy/Rice
245 _aReport of the Committee on Classification of Paddy/Rice, 1976
_cby Department of Food, Ministry of Agriculture and Irrigation
260 _aNew Delhi
_bDepartment of Food, Ministry of Agriculture and Irrigation
_c1979
300 _a54+p.
500 _aChairman: A.K. Majumdar
700 _aIndia. Ministry of Agriculture and Irrigation. Department of Food
700 _aMajumdar, A.K. (Chairman)
999 _c489917
_d489917